MDQL
is popping MORE tags! Check the
thread
!
Quizzes
Events
Quiz Creation
Community
Videos
Private Events
Remove Ads
Sign In
Join for FREE
Feedback
Dark Mode
Quiz Categories
Sports
Geography
Music
Movies
Television
Just For Fun
Miscellaneous
History
Literature
Language
Science
Gaming
Entertainment
Religion
Holiday
For Kids
Quiz Lab
Recent
Popular Today
Quiz Kudos Today
Editor Picks
Curator Picks
Quizzes by...
Day
Popularity
Type
Ratings
Length
Year
Community
Subscriptions
Recent Discussions
Orange Saloon
Badges
Playlists
Quests
Create
Leaderboards
Showdown
Live 5
Trivia Bingo
Activity
Puzzle Library
Sporcle Events
Private Events
Virtual Trivia
Globe League
Become a Host
Pub Owners
SporcleCon
Opinionation
Our Games
Videos
Blog
Mobile Apps
Partnerships
Remove Ads and Go Orange
Feedback
Geography
Country
Landmarks
City
State
Population
World
Capital
Continent
Flags
Europe
Africa
Asia
South America
North America
Oceania
Border
Canada
United Kingdom
Topography
United States
Geography
Country
Landmarks
City
State
Population
World
Capital
Continent
Flags
Europe
Africa
Asia
South America
North America
Oceania
Border
Canada
United Kingdom
Topography
United States
Random Quiz
Search Sporcle
×
Curator Pick
Curator Pick
Geography
Population
Type in answers that appear in a list
Type in answers that appear in a list
Classic
Best Score? Go Orange.
Soda Consumption Per Capita Stats
Can you name the countries with the most soda consumption per capita?
By
GATEcrasher
6m
50 Questions
1,878 Plays
1,878 Plays
1,878 Plays
Comments
Comments
Give Quiz Kudos
Give Quiz Kudos
-
- Ratings
hide this ad
More Info
Replay
Link that replays current quiz
Next Quiz
Link to next quiz in quiz playlist
You Got
0%
They Got
Avg Score
78%
Avg Friend Score
Upgrade to see
Score Distribution
Jump to the score distribution portion of the page
Score
0/50
Timer
06:00
0
Plays Today
Rank
Country
% Correct
1
United States
99.9%
9
Canada
97.5%
14
United Kingdom
97.4%
2
Mexico
96.9%
46
France
94.4%
13
Brazil
94.3%
10
Germany
93.2%
17
Spain
93%
44
Italy
92.1%
12
Australia
92.1%
21
Sweden
90%
4
Argentina
89.5%
7
Norway
88.6%
34
Finland
87.3%
3
Chile
86.1%
48
Portugal
85.8%
11
New Zealand
85.7%
8
Ireland
85.2%
20
Netherlands
84.9%
26
Denmark
84.4%
37
Poland
84.2%
24
Colombia
83.6%
6
Belgium
83.5%
40
Greece
83.4%
36
Peru
82.8%
Rank
Country
% Correct
23
Austria
82.2%
19
Switzerland
81.8%
27
South Africa
80%
22
Venezuela
79.6%
5
Uruguay
77.2%
25
Slovakia
73.9%
32
Bolivia
73.3%
39
Hungary
72.7%
38
Romania
72%
31
Ecuador
71.7%
15
Israel
70.4%
18
Serbia
68.6%
45
Croatia
68.2%
28
Bulgaria
66.8%
35
Czech Republic
66.6%
42
Estonia
65.6%
43
Costa Rica
65%
16
Guatemala
64.7%
50
Iran
60.9%
49
Belarus
58.1%
29
Saudi Arabia
58%
33
United Arab Emirates
55.9%
30
Dominican Republic
55.2%
47
Macedonia
51%
41
Tunisia
30.8%
Quiz Playlist
Details
Report
Send in Message
Add To Playlist
More Info:
Name the top fifty countries with the highest soda consumption per capita. 2011 Data. No, Kyrgyzstan is not on the list.
Classic:
Type in answers that appear in a list
Quiz Source
Last Updated: Feb 16, 2017
Curator Pick in
Population
Quiz Scoreboard
CHALLENGE
Sign Up to Join the Scoreboard
Show All
Scores
Hide
Comments
May contain spoilers
Recently Published
Holiday 10x10 Sorting Gallery
by lukepisani3
Holiday
15m
Two Season TV Shows II
by 123Four
Television
10m
Image Sorting: Flags VI
by Barbecue
Geography
2m
More to Explore
Quiz From the Vault
Featured Blog Post
14 Easter Pick-up Lines to Find Eggs With
hide this ad
You Might Also Like...
Tags
Country Quiz
Population Quiz
consumption
Per Capita
soda
Today's Top Quizzes in Geography
Browse Geography
hide this ad
Today's Top Quizzes in Population
Browse Population
Top Contributed Quizzes in Geography
1
Colored Red Europe Blitz I
2
Countries of the World - No Outlines Minefield
3
Colored Red Africa Blitz II
4
Colored Red Europe Blitz II
5
Colored Red Europe Blitz III
6
Colored Red Africa Blitz III
7
Colored Red States Blitz I
8
A Different View: World Oceans
9
Colored Red States Blitz II
10
Colored Red States Blitz III
Explore More
Trending Topics
Disney
Harry Potter
Kpop
Crossword
Marvel
NBA
Anime
Soccer
NFL
Song
Country
WWE
Pokémon
The Office
Puzzle
hide this ad
More By:
GATEcrasher
Quiz
Plays
Rating
Category
Featured
Created
Soda Consumption Per Capita
1,878
4.50
Geography
Oct 17, 2012
Things Your Hands Can Do
45
5.00
Just For Fun
Oct 10, 2012
Go to Creator's Profile
Score Distribution
Quiz Creator Spotlight
GATEcrasher
Follow
Send a Message
Quizzes Created
-
Created Quiz Play Count
-
More By This Creator
Popular Quizzes Today
1
Find the US States - No Outlines Minefield
2
Colored Red Africa Blitz
3
Find the 'City' Movie
4
The Countries of the World
5
Find the US States
6
5x2 Blitz: Bands
7
Find the Countries of Europe - No Outlines Minefield
8
US States
More Geography Quizzes
Alphabetical 'K' Countries by Flag Minefield
Published
Trending Quizzes
Colored Red Europe Blitz I
Colored Red Europe Blitz II
Colored Red Africa Blitz II
Colored Red Europe Blitz III
Colored Red Africa Blitz III
Recently Updated
Odd Team Out - Big 4 Players
pecheneg
Quick Pick: 20 Twenties
pecheneg
March Madness Men's Triple Doubles
pecheneg
How Do You Spell That?
pecheneg
Godzilla Movies
pecheneg
Grab Bag: 4-10 Letters
pecheneg
2024 March Madness Bracket
pecheneg
Famous TV Couples
Peacemaker
Champions League XIs: Real Madrid
pecheneg
Largest US Cities 1790-2010
pecheneg
Trending Topics
Crossword
NBA
Harry Potter
Anime
Disney
Marvel
Kpop
Country
Soccer
NFL
Puzzle
WWE
Song
The Office
Pokémon
Your Account Isn't Verified!
In order to create a playlist on Sporcle, you need to verify the email address you used during registration. Go to your
Sporcle Settings
to finish the process.
Report this User
Report this user for behavior that violates our
Community Guidelines
.
Details:
Send Report
Go to the Sporcle.com Mobile Site →
Comments